Сорок поэтов. Китайская лирика 20-40-х годов: пер. с кит.

Bibliografiske detaljer
Andre forfattere: Черкасский Л. Е. (автор предисловия составитель редактор)
Sprog:russisk
Udgivet: Москва, Главная редакция восточной литературы, 1978
Fag:
Format: Bog
KOHA link:https://koha.lib.tpu.ru/cgi-bin/koha/opac-detail.pl?biblionumber=359242

MARC

LEADER 00000nam0a2200000 4500
001 359242
005 20231102011155.0
035 |a (RuTPU)RU\TPU\retro\16514 
090 |a 359242 
100 |a 20201001d1978 m y0rusy50 ca 
101 1 |a rus  |c chi 
102 |a RU 
105 |a y z 001gy 
200 1 |a Сорок поэтов. Китайская лирика 20-40-х годов  |e пер. с кит.  |f авт. предисл. Л. Е. Черкасский 
210 |a Москва  |c Главная редакция восточной литературы  |d 1978 
215 |a 342 с. 
320 |a Вступительная статья: с. 3-17 
606 1 |a Китайская литература  |2 stltpush  |3 (RuTPU)RU\TPU\subj\14444  |9 40827 
610 1 |a художественная литература 
610 1 |a китайская поэзия 
610 1 |a стихи 
675 |a 895.1  |v 4 
702 1 |a Черкасский  |b Л. Е.  |4 080  |4 220  |4 340 
801 1 |a RU  |b 63413507  |c 20201001 
801 2 |a RU  |b 63413507  |c 20210602  |g RCR 
942 |c BK